UBT Library

DATA AND TEXT MINING (Record no. 37245)

000 -LEADER
fixed length control field 00290nam a22001337a 4500
008 - FIXED-LENGTH DATA ELEMENTS--GENERAL INFORMATION
fixed length control field 171102b xxu||||| |||| 00| 0 eng d
020 ## - INTERNATIONAL STANDARD BOOK NUMBER
International Standard Book Number 9780131400856
041 ## - LANGUAGE CODE
Language code of text/sound track or separate title eng
080 ## - UNIVERSAL DECIMAL CLASSIFICATION NUMBER
Universal Decimal Classification number 33
100 ## - Rafti
Rafti 59
101 ## - Shkurtesa
Shkurtesa BUS
245 ## - TITLE STATEMENT
Title DATA AND TEXT MINING
Statement of responsibility, etc MILLER,TH.W
942 ## - ADDED ENTRY ELEMENTS (KOHA)
Source of classification or shelving scheme
Item type Books

No items available.

UBT Library © 2015-2024. All rights reserved University Education for Business and Technology